000 00363nam a22001337a 4500
003 SGT
020 _a9789349202696
082 _a370.71,YADAV
100 _aYADAV,PRIYANKA
245 _aशिक्षक शिक्षा में परिप्रेक्ष्य
260 _aNEW DELHI
_bV,K, BOOK INTERNATIONAL
_c2025
300 _a156
942 _2ddc
_cBK
999 _c32116
_d32116